| 000 | 00550cam a2200205 a 4500 | ||
|---|---|---|---|
| 001 | 1356067 | ||
| 005 | 20180126083628.0 | ||
| 008 | 810511s1980 caua b 000 0 eng | ||
| 010 | _a 80052724 | ||
| 040 |
_aDLC _cDLC _dDLC |
||
| 041 | _aeng | ||
| 080 | _a636.7089615 SCH | ||
| 082 | 0 | 0 |
_a636.7089615 SCH _219 |
| 100 | 1 | _a9 | |
| 101 | _aHEM | ||
| 245 | 1 | 0 |
_aManual of feline and canine hematology / _cby O.W. Schalm. |
| 504 | _aIncludes bibliographical references. | ||
| 906 |
_a7 _bcbc _corignew _d2 _eocip _f19 _gy-gencatlg |
||
| 942 |
_2ddc _cBK |
||
| 999 |
_c41024 _d41024 |
||